| 000 | 00693nam a22002297a 4500 | ||
|---|---|---|---|
| 003 | UA-OsUOA | ||
| 001 | 48096 | ||
| 007 | ta | ||
| 008 | 20070829b un ||||| |||| 00| 0 ukr d | ||
| 090 |
_a94(100) _bИю |
||
| 942 | _cBK | ||
| 040 |
_aUA-OsUOA _bukr _cUA-OsUOA _dUA-OsUOA |
||
| 245 |
_aІстину встановлює суд історії _bЗбірник на пошану Федора Павловича Шевченка. Наукові студії _c2 |
||
| 300 | _a548 с. | ||
| 955 | _a2 | ||
| 041 | _aukr | ||
| 080 | _a94(100) | ||
| 020 | _a966-8225-09-0 | ||
| 260 |
_aК. _c2004 |
||
| 650 | 7 |
_a9 Географія. Біографії. Історія _2UDC |
|
| 999 |
_c334184 _d334184 |
||